01202nam a2200169 a 4500020002700000020003000027082001700057100002200074245005100096250001200147260003400159300001300193520072800206650001400934650001400948856007000962 a0080325149 (hardcover) a9780080325149 (hardcover) a543.0877 DER1 aDerome, Andrew E.10aModern nmr techniques for chemistry research / a1st ed. aNew YorkbPergamon Pr,c1987. a280 p. ; aPresents an introduction to modern NMR methods at a level suited to organic and inorganic chemists engaged in the solution of structural and mechanistic problems. The book assumes familiarity only with the simple use of proton and carbon spectra as sources of structural information and describes the advantages of pulse and Fourier transform spectroscopy which form the basis of all modern NMR experiments. Discussion of key experiments is illustrated by numerous examples of the solutions to real problems. The emphasis throughout is on the practical side of NMR and the book will be of great use to chemists engaged in both academic and industrial research who wish to realise the full possibilities of the new wave NMR. achemistry areasearch40uhttp://www.amazon.com/exec/obidos/ASIN/0080325149/chopaconline-20